000 01115cam a2200289 4500
001 4550079
003 ARRUPE
005 20140612141113.0
008 710716s1966 tz ab 000 0 eng
010 _a 71560162
025 _aTZ-E-24
040 _aDLC
_cDLC
_dDLC
043 _af-tz---
050 0 0 _aQL731.T35
_bN45
082 0 0 _a599/.09/67826
245 0 0 _aNgorongoro's animal life;
_ba checklist of the mammals of the Ngorongoro conservation area,
_ccompiled by G. H. Swynnerton [and others] With notes on the habitat and the mammals, by J. Goddard. Edited by S. A. ole Saibull.
260 _a[Ngorongoro Crater, Tanzania,
_bThe Conservator of Ngorongoro Conservation Unit,
_c1966?]
300 _a42 p.
_billus., col. map.
_c22 cm.
350 _a3.00
440 0 _aNgorongoro conservation area booklets,
_vno. 4
_910955
610 2 0 _aNgorongoro Game Control Area Reserve (Tanzania)
_910956
650 0 _aMammals
_zTanzania.
_910957
700 1 _aSwynnerton, G. H.,
_d1913-
_910958
700 1 _aGoddard, John,
_d1936-
_910959
906 _a7
_bcbc
_corignew
_d3
_encip
_f19
_gy-gencatlg
942 _2lcc
_cSPC
999 _c120744
_d120744